000 00488nam a2200145Ia 4500
008 230312s9999||||xx |||||||||||||| ||und||
020 _a9781118862841
082 _a006.696
_bDAR-I
100 _aLano,Kevin
245 0 _aModel Driven Software Development With UML and JAVA Model-driven software development with UML and Java Model-driven software development with UML and Java
260 _bWiley
_aCanada
_c2014
300 _a584
650 _aComputer
_vComputer graphics.
942 _cBK
999 _c17095
_d17095